000 00954cam a22003011 4500
001 sa 68008377
003 DLC
005 20260227112532.0
008 861119q1960 ii s000 0 eng
010 _asa 68008377
025 _aPL480:I-E-8558
035 _a(OCoLC)14768828
040 _aDLC
_cWaU
_dWaU
_dDLC
042 _apremarc
043 _aa-ii---
050 0 0 _aHJ4387.B3
_bA5
110 1 _aBaudh (India : State)
245 1 0 _aCompletion report of survey & settlement of the Baudh Feudatory State, 1913.
260 _a[Balugan,
_c196-?]
300 _a60, 4 p.
_c25 cm.
500 _aCover title.
500 _aAt head of title: Govt. of Orissa.
500 _a"Reprinted under the authority of Board of Revenue, Orissa, Cuttack."
650 0 _aLand value taxation
_zIndia
_zBaudh (State)
650 0 _aLand tenure
_zIndia
_zBaudh (State)
650 0 _aAgriculture
_xEconomic aspects
_zIndia
_zBaudh (State)
710 1 _aOrissa (India)
999 _c82391
_d82391